Quiz stolice polskich województw - Statystyki

Ogólne statystyki
  • Ten quiz został rozwiązany 19 razy
  • Średni wynik to 13 z 15
Statystyki odpowiedzi
Hint Odpowiedź % Poprawnych
Łódzkie Łódź
100%
Mazowieckie Warszawa
100%
Pomorskie Gdańsk
93%
Małopolskie Kraków
93%
Lubelskie Lublin
93%
Warmińsko-mazurskie Olsztyn
93%
Opolskie Opole
93%
Zachodniopomorskie Szczecin
93%
Podlaskie Białystok
87%
Śląskie Katowice
87%
Świętokrzyskie Kielce
87%
Wielkopolskie Poznań
87%
Podkarpackie Rzeszów
87%
Dolnośląskie Wrocław
87%
Kujawsko-pomorskie ( 2 stolice ) Bydgoszcz Toruń
67%
Nie znaleziono quizów pasujących do podanych kryteriów
Rozkład punktacji
Procent ludzi z każdym wynikiem
Percentyl według liczby udzielonych odpowiedzi
Twoja historia wyników
Nie rozwiązałeś tego quizu